Loading...

Critical essays on the poetry of Terryson /

Bibliographic Details
Main Author: Killbam, John .
Format: Printed Book
Language:English
Published: London : Routledge & Kega Paul , 1963.
Edition:1 /
LEADER 00584cam a2200193ua 4500
020 |c 30 
041 |a eng 
082 |a 828.09  |b KIL/CR 
100 |a Killbam, John . 
245 |a Critical essays on the poetry of Terryson /   |c John Killbam.  |h Textual Documents 
250 |a 1 /   |b . 
260 |a London :   |b Routledge & Kega Paul ,   |c 1963. 
300 |a 263 ; . 
365 |a 30 
504
541 |e 6852   |h 30 
942 |c BK 
999 |c 31526  |d 31526 
952 |0 0  |1 0  |4 0  |6 828_090000000000000  |7 0  |9 41682  |a KAUAET  |b KAUAET  |d 2012-04-07  |m 0  |o 828.09  |p KAU_KCAET-6852   |r 2012-04-07  |w 2012-04-07  |y BK